LEADER 00750nam0 2200241 450 001 000016631 005 20080929115602.0 010 $a88-348-0689-1 100 $a20080929d1991----km-y0itay50------ba 101 0 $aita 102 $aIT 105 $ay-------001yy 200 1 $aProblemi di ottimizzazione dinamica$fFranco Cugno 210 $aTorino$cGiappichelli$d[1991] 215 $a61 p.$d24 cm 610 1 $aProgrammazione dinamica 676 $a519.703$v20$9Probabilità e matematica applicata. Programmazione multifase 700 1$aCugno,$bFranco$0117388 801 0$aIT$bUNIPARTHENOPE$c20080929$gRICA$2UNIMARC 912 $a000016631 951 $a022/192$b7394$cNAVA2 996 $aProblemi di ottimizzazione dinamica$9886436 997 $aUNIPARTHENOPE